| 000 | 01425nam a2200385 i 4500 | ||
|---|---|---|---|
| 001 | 197809 | ||
| 003 | ES-MaACL | ||
| 005 | 20250904063114.0 | ||
| 008 | 250521s1986 sp bspa | ||
| 016 | 7 |
_abimoBNE19921294590 _zIBH8605117877 _2SpMaBN |
|
| 017 |
_aM 17763-1986 _bOficina Depósito Legal Madrid |
||
| 020 | _a8486459095 | ||
| 035 | _a(OCoLC)433950188 | ||
| 035 | _a(SpMaBN)bimo0000213240 | ||
| 040 |
_aIBH _bspa _cSpMaBN _erdc |
||
| 080 | _a860(861)-94"19" | ||
| 080 | _a92 Littín, Miguel | ||
| 100 | 1 |
_aGarcía Márquez, Gabriel, _d1927-2014 _9242191 _eaut |
|
| 245 | 1 | 3 |
_aLa aventura de Miguel Littín, clandestino en Chile / _cGabriel García Márquez. |
| 260 |
_aMadrid : _bEdiciones El País, _c1986. |
||
| 264 | _c©1986. | ||
| 300 |
_a145 páginas ; _c21 cm. |
||
| 336 |
_2rdacontent _atexto |
||
| 337 |
_2rdamedia _asin mediación |
||
| 338 |
_2rdacarrier _avolumen |
||
| 490 | 1 |
_aEn El País ; _v10 |
|
| 600 | 1 | 0 |
_aLittin, Miguel, _d1942- _2embne _9242082 |
| 655 | 0 |
_9176647 _aBiografías |
|
| 852 |
_aES-MaACL _cDEPOJ _jN-10635 _hDonación: José Lázaro García _xEncuadernación rústica con solapas _9206758 |
||
| 903 |
_9234219 _aLázaro García, José _ednr |
||
| 942 |
_cMONOGRAFIA _n0 |
||
| 999 |
_c197809 _d197809 |
||